000 00594cam a22002053a 4500
001 37683
003 PGUSA
005 20140828083827.0
008 111009s2011||||xxu|||||s|||||000 | eng d
040 _aPGUSA
_beng
042 _adc
245 1 0 _aChambers's Twentieth Century Dictionary (part 1 of 4 :
_bA-D)
_h[electronic resource] /
_cVarious
260 _bProject Gutenberg,
_c2011
506 _aPublic domain in the USA.
516 _aElectronic text
700 1 _aDavidson, Thomas
830 0 _aProject Gutenberg
_v37683
856 4 0 _uhttp://www.gutenberg.org/ebooks/37683
942 _cEB
999 _c266937
_d266937